000 00435nam a2200181Ia 4500
008 210210b1934 xxu||||| |||| 00| 0 eng d
041 _aeng
082 _a825/377
100 _aGRIERSON (H J C)
245 _aBackground of English literature
260 _aLondon
_bChatto & Windus
_c1934
650 _aof
650 _aliterature
650 _aEnglish
650 _aBackground
690 _aEnglish Criticism
906 _a014693
999 _c133908
_d133908